|
|
|
|
| LEADER |
00598nam a22001691a 4500 |
| 082 |
|
|
|a M 302
|b KGK/S
|
| 100 |
|
|
|a K G K Panicker
|9 80462
|
| 245 |
|
|
|a Samoohya manassastra pravesika/
|c by K G K Panicker
|
| 250 |
|
|
|a 2nd ed.
|
| 260 |
|
|
|a Thiruvananthapuram:
|b Kerala Bhasha Institute,
|c 1992.
|
| 300 |
|
|
|a 214p.
|
| 500 |
|
|
|a K G K Panicker
|
| 650 |
|
|
|a Social Psychology
|9 80463
|
| 650 |
|
|
|a Social Science
|9 80464
|
| 942 |
|
|
|c BK
|
| 999 |
|
|
|c 39810
|d 39810
|
| 952 |
|
|
|0 0
|1 0
|4 0
|6 M_302_000000000000000_KGK_S
|7 0
|9 57639
|a SSUS
|b SSUS
|d 2015-01-08
|g 28.00
|l 3
|o M 302 KGK/S
|p 014424
|r 2020-10-07
|s 2019-11-06
|v 0.00
|w 2015-01-08
|y BK
|